000 01042nam a2200241Ia 4500
999 _c52692
_d52692
001 19717
003 GE_BSU
005 20200401150557.0
008 181216s1976||||ge |||||||||||||| ||geo||
040 _cGE_BSU
041 _ageo
080 _a811.353.1'373.21 ტ-70
245 _aტოპონიმიკა ტ. 1 /
_cშოთა ძიძიგურის საერთო რედაქციით.
264 _aთბილისი :
_bთბილ. უნ-ტის გამ-ბა,
_c1976.
300 _a455 გვ.;
_c20 სმ.
541 _h4ლ.32 თ.
653 _aტოპონიმიკა
653 _aქართული ენა
653 _aქართული ტოპონიმიკა.
700 _aძიძიგური, შოთა
_eრედაქტორი
_97840
710 _bთსუ-ს ახალი ქართ. ენის კათედრასთან არსებული ტოპონიმიკის ლაბ-რია
_97841
942 _cBK
_2udc